000
00320nam a22001337a 4500
020
_a
81-204-0370-3
041
_a
ENG
100
_a
Puttaswamaiah .K
245
_a
Cost Benefit Analysis Of Irrigation And Drought Proofing
260
_a
Delhi
_b
Oxford & IBH .PUB
_c
1989
300
_a
175
650
_a
IDE
856
_u
IDE
999
_c
398
_d
398